000 00210 a2200109 4500
020 _a9780892393275
041 _aspa
100 _aLulu Delacre
245 _aOliguito de la A ala Z
942 _cBK
952 _71
999 _c21522
_d21522